000 00276nam a22001217a 4500
008 170522b xxu||||| |||| 00| 0 eng d
041 _aeng
080 _a94(7/8)
100 _a16
101 _aSHH
245 _aWEBSTERS GUIDE AMERICAN HISTORY
_cDOREN.CH
942 _2udc
_cBK
999 _c13786
_d13786